[Event "ODJM B 2024"]
[Site "Willingen GER"]
[Date "2024.05.19"]
[Round "2"]
[White "Duchstein, Anna"]
[Black "Ottlik, Marie"]
[Result "1/2-1/2"]
[Termination "normal"]
[Board "28"]
[WhiteElo "1715"]
[BlackElo "1640"]
[WhiteClock "00:29:00"]
[BlackClock "00:25:27"]
[PlyCount "89"]
[WhiteFideId "16261372"]
[BlackFideId "16281730"]
[EventCountry "GER"]
[EventRounds "9"]
[EventType "swiss"]
[EventDate "2024.05.18"]

1. e4 {[%clk 01:30:53]} {[%emt 00:00:06]} c5 {[%clk 01:30:52]} {[%emt
00:00:08]} 2. Nf3 {[%clk 01:30:59]} {[%emt 00:00:23]} d6 {[%clk 01:31:16]}
{[%emt 00:00:07]} 3. c3 {[%clk 01:30:35]} {[%emt 00:00:54]} Nf6 {[%clk
01:30:11]} {[%emt 00:01:35]} 4. d3 {[%clk 01:30:54]} {[%emt 00:00:11]} e6
{[%clk 01:27:07]} {[%emt 00:03:34]} 5. Be2 {[%clk 01:29:24]} {[%emt 00:02:00]}
Be7 {[%clk 01:25:47]} {[%emt 00:01:50]} 6. O-O {[%clk 01:29:14]} {[%emt
00:00:40]} a6 {[%clk 01:23:16]} {[%emt 00:03:01]} 7. Nbd2 {[%clk 01:27:28]}
{[%emt 00:02:15]} b5 {[%clk 01:13:50]} {[%emt 00:09:57]} 8. d4 {[%clk
01:25:32]} {[%emt 00:02:27]} Bb7 {[%clk 01:06:28]} {[%emt 00:07:52]} 9. Bd3
{[%emt 00:06:56]} Nc6 {[%clk 00:54:59]} {[%emt 00:06:28]} 10. Re1 {[%clk
01:19:41]} {[%emt 00:05:24]} O-O {[%clk 00:54:42]} {[%emt 00:00:47]} 11. Nf1
{[%clk 01:16:22]} {[%emt 00:03:49]} Qb6 {[%clk 00:45:02]} {[%emt 00:10:10]} 12.
dxc5 {[%clk 01:07:28]} {[%emt 00:09:24]} dxc5 {[%clk 00:41:57]} {[%emt
00:03:36]} 13. e5 {[%clk 01:06:04]} {[%emt 00:01:54]} Nd7 {[%clk 00:39:44]}
{[%emt 00:02:43]} 14. Qc2 {[%clk 00:58:52]} {[%emt 00:07:42]} h6 {[%clk
00:36:53]} {[%emt 00:03:21]} 15. Ng3 {[%clk 00:55:06]} {[%emt 00:04:17]} c4
{[%clk 00:34:02]} {[%emt 00:03:20]} 16. Bf1 {[%clk 00:51:25]} {[%emt 00:04:10]}
Bc5 {[%clk 00:27:07]} {[%emt 00:07:26]} 17. Bf4 {[%clk 00:47:17]} {[%emt
00:04:38]} Rfd8 {[%clk 00:23:35]} {[%emt 00:04:02]} 18. Rad1 {[%clk 00:44:50]}
{[%emt 00:02:57]} Nf8 {[%clk 00:22:30]} {[%emt 00:01:34]} 19. Ne4 {[%clk
00:39:50]} {[%emt 00:05:30]} Be7 {[%clk 00:20:14]} {[%emt 00:02:47]} 20. Nd6
{[%clk 00:37:08]} {[%emt 00:03:11]} Ng6 {[%clk 00:19:24]} {[%emt 00:01:21]} 21.
Nxb7 {[%clk 00:35:49]} {[%emt 00:01:49]} Qxb7 {[%clk 00:19:46]} {[%emt
00:00:07]} 22. Bg3 {[%clk 00:35:28]} {[%emt 00:00:51]} Qc7 {[%clk 00:17:27]}
{[%emt 00:02:48]} 23. Rd2 {[%clk 00:32:06]} {[%emt 00:03:53]} Rxd2 {[%clk
00:16:31]} {[%emt 00:01:27]} 24. Qxd2 {[%clk 00:32:16]} {[%emt 00:00:21]} Rd8
{[%clk 00:16:50]} {[%emt 00:00:10]} 25. Qe3 {[%clk 00:31:33]} {[%emt 00:01:11]}
Rd5 {[%clk 00:15:45]} {[%emt 00:01:36]} 26. h4 {[%clk 00:26:30]} {[%emt
00:05:33]} Bc5 {[%clk 00:13:42]} {[%emt 00:02:33]} 27. Qe4 {[%clk 00:25:36]}
{[%emt 00:01:24]} Nge7 {[%clk 00:11:05]} {[%emt 00:03:08]} 28. Be2 {[%clk
00:24:19]} {[%emt 00:01:47]} Nf5 {[%clk 00:10:06]} {[%emt 00:01:28]} 29. Bh2
{[%clk 00:23:03]} {[%emt 00:01:46]} Qb6 {[%clk 00:09:43]} {[%emt 00:00:54]} 30.
Rf1 {[%clk 00:22:46]} {[%emt 00:00:46]} Qc7 {[%clk 00:07:24]} {[%emt 00:02:49]}
31. g4 {[%clk 00:17:59]} {[%emt 00:05:17]} Nfe7 {[%clk 00:06:50]} {[%emt
00:01:04]} 32. Re1 {[%clk 00:17:04]} {[%emt 00:01:26]} Ng6 {[%clk 00:06:58]}
{[%emt 00:00:21]} 33. Bd1 {[%clk 00:16:11]} {[%emt 00:01:24]} Qb6 {[%clk
00:05:47]} {[%emt 00:01:41]} 34. Qe2 {[%clk 00:13:41]} {[%emt 00:02:59]} Qa5
{[%clk 00:03:25]} {[%emt 00:02:53]} 35. h5 {[%clk 00:12:36]} {[%emt 00:01:34]}
Nge7 {[%clk 00:03:33]} {[%emt 00:00:22]} 36. a3 {[%emt 00:01:20]} Qb6 {[%clk
00:03:39]} {[%emt 00:00:23]} 37. Bc2 {[%clk 00:11:45]} {[%emt 00:00:32]} Kf8
{[%clk 00:03:52]} {[%emt 00:00:17]} 38. Bg3 {[%clk 00:10:43]} {[%emt 00:01:32]}
Na5 {[%clk 00:02:11]} {[%emt 00:02:12]} 39. Qe4 {[%clk 00:09:34]} {[%emt
00:01:37]} Nb3 {[%clk 00:01:47]} {[%emt 00:00:55]} 40. Rd1 {[%clk 00:07:57]}
{[%emt 00:02:08]} Rxd1+ {[%emt 00:00:57]} 41. Bxd1 {[%clk 00:08:16]} {[%emt
00:00:09]} Qc6 {[%clk 00:29:36]} {[%emt 00:02:15]} 42. Qe2 {[%clk 00:32:19]}
{[%emt 00:06:24]} Nc1 {[%clk 00:27:57]} {[%emt 00:02:12]} 43. Qd2 {[%clk
00:30:30]} {[%emt 00:02:12]} Nd3 {[%clk 00:27:11]} {[%emt 00:01:22]} 44. Ne1
{[%clk 00:29:00]} {[%emt 00:01:46]} Qe4 {[%clk 00:25:27]} {[%emt 00:02:29]} 45.
Nxd3 {[%emt 00:07:08]} 1/2-1/2

[Event "ODJM B 2024"]
[Site "Willingen GER"]
[Date "2024.05.19"]
[Round "2"]
[White "Greiner, Jan Oluf"]
[Black "Sniegowski, Richard"]
[Result "0-1"]
[Termination "normal"]
[Board "29"]
[WhiteElo "1634"]
[BlackElo "1683"]
[WhiteClock "00:33:15"]
[BlackClock "01:15:10"]
[PlyCount "112"]
[WhiteFideId "34632069"]
[BlackFideId "34664181"]
[EventCountry "GER"]
[EventRounds "9"]
[EventType "swiss"]
[EventDate "2024.05.18"]

1. e4 {[%clk 01:30:57]} {[%emt 00:00:03]} e5 {[%clk 01:30:16]} {[%emt
00:00:44]} 2. Nf3 {[%clk 01:31:21]} {[%emt 00:00:06]} Nf6 {[%clk 01:30:41]}
{[%emt 00:00:05]} 3. Nc3 {[%clk 01:31:42]} {[%emt 00:00:09]} Bb4 {[%clk
01:31:06]} {[%emt 00:00:05]} 4. d3 {[%clk 01:32:05]} {[%emt 00:00:07]} Nc6
{[%clk 01:31:31]} {[%emt 00:00:05]} 5. Bd2 {[%clk 01:32:25]} {[%emt 00:00:09]}
O-O {[%clk 01:30:53]} {[%emt 00:01:09]} 6. Be2 {[%clk 01:32:52]} {[%emt
00:00:03]} d5 {[%clk 01:31:15]} {[%emt 00:00:08]} 7. exd5 {[%clk 01:33:08]}
{[%emt 00:00:14]} Nxd5 {[%clk 01:31:39]} {[%emt 00:00:06]} 8. Nxd5 {[%clk
01:30:26]} {[%emt 00:03:12]} Qxd5 {[%clk 01:30:31]} {[%emt 00:01:38]} 9. c3
{[%clk 01:28:39]} {[%emt 00:02:16]} Bd6 {[%clk 01:30:36]} {[%emt 00:00:26]} 10.
Qc2 {[%clk 01:25:41]} {[%emt 00:03:27]} Bf5 {[%clk 01:28:15]} {[%emt 00:02:51]}
11. c4 {[%clk 01:22:15]} {[%emt 00:03:56]} Qe6 {[%clk 01:26:48]} {[%emt
00:01:57]} 12. Bc3 {[%clk 01:11:42]} {[%emt 00:11:01]} e4 {[%clk 01:23:30]}
{[%emt 00:03:51]} 13. dxe4 {[%clk 01:02:29]} {[%emt 00:09:41]} Bxe4 {[%clk
01:22:52]} {[%emt 00:01:11]} 14. Qd2 {[%clk 01:02:17]} {[%emt 00:00:35]} h6
{[%clk 01:20:05]} {[%emt 00:03:23]} 15. O-O-O {[%clk 01:00:12]} {[%emt
00:02:34]} Rfd8 {[%clk 01:17:45]} {[%emt 00:02:50]} 16. Rde1 {[%clk 00:58:45]}
{[%emt 00:01:58]} Qf5 {[%clk 01:11:19]} {[%emt 00:06:55]} 17. g4 {[%clk
00:43:57]} {[%emt 00:15:17]} Qc5 {[%clk 01:01:23]} {[%emt 00:10:27]} 18. Qe3
{[%clk 00:40:10]} {[%emt 00:04:07]} Qxe3+ {[%clk 01:00:08]} {[%emt 00:01:56]}
19. fxe3 {[%clk 00:40:25]} {[%emt 00:00:15]} Bc5 {[%clk 01:00:30]} {[%emt
00:00:08]} 20. b3 {[%clk 00:23:48]} {[%emt 00:17:07]} Bxe3+ {[%clk 00:59:22]}
{[%emt 00:01:37]} 21. Kb2 {[%clk 00:23:56]} {[%emt 00:00:23]} Nd4 {[%clk
00:56:00]} {[%emt 00:03:52]} 22. Rhf1 {[%clk 00:23:26]} {[%emt 00:00:59]} Nxe2
{[%clk 00:54:48]} {[%emt 00:01:43]} 23. Rxe2 {[%clk 00:23:45]} {[%emt
00:00:11]} Bd3 {[%clk 00:55:15]} {[%emt 00:00:03]} 24. Rxe3 {[%clk 00:23:14]}
{[%emt 00:01:00]} Bxf1 {[%clk 00:55:37]} {[%emt 00:00:08]} 25. Re7 {[%clk
00:23:01]} {[%emt 00:00:42]} c5 {[%clk 00:54:27]} {[%emt 00:01:41]} 26. h4
{[%clk 00:18:38]} {[%emt 00:04:50]} Re8 {[%clk 00:54:27]} {[%emt 00:00:34]} 27.
Rc7 {[%clk 00:16:00]} {[%emt 00:03:04]} b6 {[%clk 00:52:50]} {[%emt 00:02:11]}
28. Ne5 {[%clk 00:13:57]} {[%emt 00:02:32]} Bg2 {[%clk 00:51:17]} {[%emt
00:02:02]} 29. Nxf7 {[%clk 00:11:41]} {[%emt 00:02:46]} Kf8 {[%clk 00:47:47]}
{[%emt 00:04:01]} 30. Nd6 {[%clk 00:10:50]} {[%emt 00:01:21]} Re7 {[%clk
00:47:28]} {[%emt 00:00:49]} 31. Rxe7 {[%clk 00:10:29]} {[%emt 00:00:51]} Kxe7
{[%clk 00:47:48]} {[%emt 00:00:11]} 32. Nf5+ {[%clk 00:10:53]} {[%emt
00:00:06]} Kf7 {[%clk 00:48:01]} {[%emt 00:00:15]} 33. Nxg7 {[%clk 00:09:43]}
{[%emt 00:01:40]} Bf3 {[%clk 00:46:09]} {[%emt 00:02:23]} 34. Nf5 {[%clk
00:09:53]} {[%emt 00:00:18]} Kg6 {[%clk 00:45:32]} {[%emt 00:01:08]} 35. h5+
{[%clk 00:07:42]} {[%emt 00:02:42]} Kg5 {[%clk 00:45:20]} {[%emt 00:00:43]} 36.
Bd2+ {[%clk 00:07:37]} {[%emt 00:00:34]} Kxg4 {[%clk 00:45:44]} {[%emt
00:00:07]} 37. Nxh6+ {[%clk 00:07:48]} {[%emt 00:00:19]} Kxh5 {[%clk 00:46:01]}
{[%emt 00:00:13]} 38. Nf5 {[%clk 00:07:55]} {[%emt 00:00:20]} Rd8 {[%clk
00:43:52]} {[%emt 00:02:41]} 39. Bc3 {[%clk 00:07:51]} {[%emt 00:00:31]} Kg4
{[%clk 00:43:46]} {[%emt 00:00:38]} 40. Nh4 {[%clk 00:04:37]} {[%emt 00:03:43]}
Be4 {[%clk 00:42:47]} {[%emt 00:01:29]} 41. Bf6 {[%clk 00:04:10]} {[%emt
00:00:58]} Rd1 {[%clk 00:42:39]} {[%emt 00:00:39]} 42. a3 {[%clk 00:03:43]}
{[%emt 00:00:58]} Rh1 {[%clk 00:42:43]} {[%emt 00:00:26]} 43. b4 {[%clk
00:03:37]} {[%emt 00:00:36]} Rxh4 {[%clk 00:42:42]} {[%emt 00:00:30]} 44. Bxh4
{[%clk 00:03:57]} {[%emt 00:00:10]} Kxh4 {[%clk 00:42:57]} {[%emt 00:00:15]}
45. Kb3 {[%clk 00:03:46]} {[%emt 00:00:41]} Bc6 {[%clk 00:42:20]} {[%emt
00:01:08]} 46. a4 {[%clk 00:01:29]} {[%emt 00:02:47]} a5 {[%clk 00:41:44]}
{[%emt 00:01:06]} 47. b5 {[%clk 00:30:13]} {[%emt 00:01:45]} Bf3 {[%clk
01:12:05]} {[%emt 00:00:09]} 48. Kc3 {[%clk 00:30:37]} {[%emt 00:00:06]} Kg4
{[%clk 01:12:30]} {[%emt 00:00:06]} 49. Kd3 {[%clk 00:30:47]} {[%emt 00:00:19]}
Kf4 {[%clk 01:12:55]} {[%emt 00:00:05]} 50. Kd2 {[%clk 00:31:08]} {[%emt
00:00:09]} Ke4 {[%clk 01:13:17]} {[%emt 00:00:08]} 51. Kc3 {[%clk 00:31:29]}
{[%emt 00:00:09]} Bd1 {[%clk 01:13:34]} {[%emt 00:00:13]} 52. Kb2 {[%clk
00:31:49]} {[%emt 00:00:09]} Kd4 {[%clk 01:13:55]} {[%emt 00:00:11]} 53. Ka3
{[%clk 00:32:12]} {[%emt 00:00:07]} Kxc4 {[%clk 01:14:18]} {[%emt 00:00:07]}
54. Kb2 {[%clk 00:32:31]} {[%emt 00:00:10]} Bxa4 {[%clk 01:14:33]} {[%emt
00:00:16]} 55. Ka3 {[%clk 00:32:54]} {[%emt 00:00:06]} Bxb5 {[%clk 01:14:57]}
{[%emt 00:00:06]} 56. Ka2 {[%clk 00:33:15]} {[%emt 00:00:09]} Bd7 {[%clk
01:15:10]} {[%emt 00:00:18]} 0-1

[Event "ODJM B 2024"]
[Site "Willingen GER"]
[Date "2024.05.19"]
[Round "2"]
[White "Päpke, Aaron"]
[Black "Reuter, Max"]
[Result "0-1"]
[Termination "normal"]
[Board "30"]
[WhiteElo "1322"]
[BlackElo "1712"]
[WhiteClock "01:12:42"]
[BlackClock "00:15:53"]
[PlyCount "82"]
[WhiteFideId "34684930"]
[BlackFideId "16263715"]
[EventCountry "GER"]
[EventRounds "9"]
[EventType "swiss"]
[EventDate "2024.05.18"]

1. c4 {[%clk 01:30:58]} {[%emt 00:00:02]} e5 {[%clk 01:30:58]} {[%emt
00:00:02]} 2. g3 {[%clk 01:31:24]} {[%emt 00:00:04]} f5 {[%clk 01:31:21]}
{[%emt 00:00:07]} 3. d3 {[%clk 01:31:29]} {[%emt 00:00:24]} Nc6 {[%clk
01:31:38]} {[%emt 00:00:13]} 4. Nc3 {[%clk 01:31:53]} {[%emt 00:00:06]} Nf6
{[%clk 01:31:02]} {[%emt 00:01:06]} 5. Bg2 {[%clk 01:32:03]} {[%emt 00:00:20]}
d6 {[%clk 01:30:44]} {[%emt 00:00:48]} 6. Bg5 {[%clk 01:31:57]} {[%emt
00:00:36]} Be7 {[%clk 01:30:58]} {[%emt 00:00:16]} 7. e3 {[%clk 01:32:17]}
{[%emt 00:00:10]} O-O {[%clk 01:28:00]} {[%emt 00:03:28]} 8. Nge2 {[%clk
01:32:42]} {[%emt 00:00:06]} Be6 {[%clk 01:26:15]} {[%emt 00:02:15]} 9. f4
{[%clk 01:28:32]} {[%emt 00:04:39]} Ng4 {[%clk 01:18:57]} {[%emt 00:07:48]} 10.
Bxe7 {[%clk 01:28:30]} {[%emt 00:00:33]} Qxe7 {[%clk 01:19:04]} {[%emt
00:00:22]} 11. Qd2 {[%clk 01:28:23]} {[%emt 00:00:37]} Rab8 {[%clk 01:12:28]}
{[%emt 00:07:07]} 12. h3 {[%clk 01:27:57]} {[%emt 00:00:56]} Nf6 {[%clk
01:12:49]} {[%emt 00:00:09]} 13. O-O-O {[%clk 01:21:03]} {[%emt 00:07:24]} Nd8
{[%clk 01:11:46]} {[%emt 00:01:33]} 14. Nd5 {[%clk 01:20:40]} {[%emt 00:00:52]}
Nxd5 {[%clk 01:11:51]} {[%emt 00:00:26]} 15. cxd5 {[%clk 01:21:01]} {[%emt
00:00:08]} Bd7 {[%clk 01:11:45]} {[%emt 00:00:37]} 16. Bf3 {[%clk 01:20:55]}
{[%emt 00:00:35]} c6 {[%clk 01:10:13]} {[%emt 00:02:03]} 17. Nc3 {[%clk
01:20:37]} {[%emt 00:00:48]} b5 {[%clk 01:02:32]} {[%emt 00:08:11]} 18. dxc6
{[%clk 01:19:36]} {[%emt 00:01:29]} Nxc6 {[%clk 01:02:27]} {[%emt 00:00:37]}
19. Nd5 {[%clk 01:17:53]} {[%emt 00:02:13]} Qf7 {[%clk 01:01:51]} {[%emt
00:01:06]} 20. Kb1 {[%clk 01:17:34]} {[%emt 00:00:48]} Be6 {[%clk 00:58:12]}
{[%emt 00:04:10]} 21. e4 {[%clk 01:16:24]} {[%emt 00:01:39]} Bxd5 {[%clk
00:57:48]} {[%emt 00:00:55]} 22. exd5 {[%clk 01:16:46]} {[%emt 00:00:08]} Ne7
{[%clk 00:56:43]} {[%emt 00:01:34]} 23. Qg2 {[%clk 01:16:51]} {[%emt 00:00:24]}
exf4 {[%clk 00:52:14]} {[%emt 00:05:01]} 24. gxf4 {[%clk 01:14:51]} {[%emt
00:02:29]} Nc8 {[%clk 00:30:09]} {[%emt 00:22:36]} 25. Rhg1 {[%clk 01:14:35]}
{[%emt 00:00:45]} Nb6 {[%clk 00:26:54]} {[%emt 00:03:45]} 26. Bh5 {[%clk
01:12:23]} {[%emt 00:02:43]} g6 {[%clk 00:25:46]} {[%emt 00:01:38]} 27. Bf3
{[%clk 01:12:37]} {[%emt 00:00:14]} Rfe8 {[%clk 00:19:11]} {[%emt 00:07:06]}
28. h4 {[%clk 01:12:31]} {[%emt 00:00:37]} Qf6 {[%clk 00:16:18]} {[%emt
00:03:22]} 29. h5 {[%clk 01:12:25]} {[%emt 00:00:36]} Kf7 {[%clk 00:16:19]}
{[%emt 00:00:30]} 30. hxg6+ {[%clk 01:11:58]} {[%emt 00:00:56]} hxg6 {[%clk
00:16:39]} {[%emt 00:00:11]} 31. Qh2 {[%clk 01:11:57]} {[%emt 00:00:30]} Rh8
{[%clk 00:16:44]} {[%emt 00:00:25]} 32. Qg2 {[%clk 01:12:04]} {[%emt 00:00:23]}
Rh4 {[%clk 00:16:35]} {[%emt 00:00:39]} 33. Rde1 {[%clk 01:12:08]} {[%emt
00:00:26]} Re8 {[%clk 00:14:17]} {[%emt 00:02:49]} 34. Rxe8 {[%clk 01:12:15]}
{[%emt 00:00:22]} Kxe8 {[%clk 00:14:38]} {[%emt 00:00:09]} 35. Qxg6+ {[%clk
01:12:37]} {[%emt 00:00:08]} Qxg6 {[%clk 00:15:03]} {[%emt 00:00:06]} 36. Rxg6
{[%clk 01:13:01]} {[%emt 00:00:06]} Rxf4 {[%clk 00:15:19]} {[%emt 00:00:14]}
37. Bh5 {[%clk 01:13:06]} {[%emt 00:00:24]} Ke7 {[%clk 00:14:46]} {[%emt
00:01:03]} 38. Rg7+ {[%clk 01:12:03]} {[%emt 00:01:33]} Kf6 {[%clk 00:15:10]}
{[%emt 00:00:06]} 39. Rxa7 {[%clk 01:12:22]} {[%emt 00:00:11]} Nxd5 {[%clk
00:15:06]} {[%emt 00:00:34]} 40. Ra6 {[%clk 01:12:25]} {[%emt 00:00:27]} Rf1+
{[%clk 00:15:25]} {[%emt 00:00:12]} 41. Kc2 {[%clk 01:12:42]} {[%emt 00:00:12]}
Nb4+ {[%clk 00:15:53]} {[%emt 00:00:02]} 0-1

[Event "ODJM B 2024"]
[Site "Willingen GER"]
[Date "2024.05.19"]
[Round "2"]
[White "Golke, Philipp"]
[Black "Klockhaus, Daniel"]
[Result "0-1"]
[Termination "normal"]
[Board "31"]
[WhiteElo "1709"]
[BlackElo "1650"]
[WhiteClock "00:34:31"]
[BlackClock "00:12:36"]
[PlyCount "91"]
[WhiteFideId "34625259"]
[BlackFideId "16299132"]
[EventCountry "GER"]
[EventRounds "9"]
[EventType "swiss"]
[EventDate "2024.05.18"]

1. e4 {[%clk 01:30:55]} {[%emt 00:00:04]} c6 {[%clk 01:30:58]} {[%emt
00:00:04]} 2. Nf3 {[%clk 01:29:20]} {[%emt 00:02:04]} d5 {[%clk 01:31:14]}
{[%emt 00:00:14]} 3. Nc3 {[%clk 01:29:20]} {[%emt 00:00:30]} dxe4 {[%clk
01:26:35]} {[%emt 00:05:09]} 4. Nxe4 {[%clk 01:29:03]} {[%emt 00:00:47]} Bf5
{[%clk 01:25:16]} {[%emt 00:01:50]} 5. Ng3 {[%clk 01:27:07]} {[%emt 00:02:25]}
Bg6 {[%clk 01:24:57]} {[%emt 00:00:49]} 6. h4 {[%clk 01:27:31]} {[%emt
00:00:05]} h5 {[%clk 01:24:57]} {[%emt 00:00:30]} 7. Ne5 {[%clk 01:27:07]}
{[%emt 00:00:55]} Qd6 {[%clk 01:22:12]} {[%emt 00:03:15]} 8. d4 {[%clk
01:25:51]} {[%emt 00:01:46]} Nd7 {[%clk 01:20:33]} {[%emt 00:02:09]} 9. Nxg6
{[%clk 01:25:43]} {[%emt 00:00:38]} Qxg6 {[%clk 01:20:46]} {[%emt 00:00:17]}
10. Be2 {[%clk 01:25:47]} {[%emt 00:00:26]} Ngf6 {[%clk 01:20:43]} {[%emt
00:00:33]} 11. Bg5 {[%clk 01:25:00]} {[%emt 00:01:17]} e5 {[%clk 01:13:24]}
{[%emt 00:07:50]} 12. dxe5 {[%clk 01:23:19]} {[%emt 00:02:10]} Nxe5 {[%clk
01:13:34]} {[%emt 00:00:19]} 13. f4 {[%clk 01:21:00]} {[%emt 00:02:49]} Rd8
{[%clk 01:02:26]} {[%emt 00:11:39]} 14. Qxd8+ {[%clk 00:49:53]} {[%emt
00:31:37]} Kxd8 {[%clk 01:02:36]} {[%emt 00:00:20]} 15. O-O-O+ {[%clk
00:49:59]} {[%emt 00:00:24]} Kc7 {[%clk 01:00:03]} {[%emt 00:03:03]} 16. fxe5
{[%clk 00:49:19]} {[%emt 00:01:10]} Nd5 {[%clk 00:56:34]} {[%emt 00:03:59]} 17.
Bd3 {[%clk 00:44:57]} {[%emt 00:04:52]} Qe6 {[%clk 00:55:49]} {[%emt 00:01:16]}
18. c4 {[%clk 00:44:28]} {[%emt 00:00:59]} Nb6 {[%clk 00:52:08]} {[%emt
00:04:10]} 19. Bf5 {[%clk 00:43:46]} {[%emt 00:01:11]} Qxc4+ {[%clk 00:46:06]}
{[%emt 00:06:31]} 20. Kb1 {[%clk 00:42:27]} {[%emt 00:01:51]} g6 {[%clk
00:45:08]} {[%emt 00:01:27]} 21. Bd8+ {[%clk 00:42:12]} {[%emt 00:00:46]} Kb8
{[%clk 00:45:12]} {[%emt 00:00:26]} 22. Bf6 {[%clk 00:42:34]} {[%emt 00:00:08]}
Rg8 {[%clk 00:37:38]} {[%emt 00:08:04]} 23. Bh3 {[%clk 00:38:51]} {[%emt
00:04:13]} Bh6 {[%clk 00:35:25]} {[%emt 00:02:42]} 24. Rd6 {[%emt 00:01:06]}
Nd5 {[%clk 00:31:45]} {[%emt 00:04:09]} 25. e6 {[%clk 00:35:57]} {[%emt
00:02:50]} Qd3+ {[%clk 00:20:30]} {[%emt 00:11:44]} 26. Ka1 {[%clk 00:35:01]}
{[%emt 00:01:28]} Qxg3 {[%clk 00:20:30]} {[%emt 00:00:29]} 27. exf7 {[%clk
00:35:10]} {[%emt 00:00:21]} Rf8 {[%clk 00:20:04]} {[%emt 00:00:56]} 28. Re6
{[%clk 00:35:25]} {[%emt 00:00:15]} Rxf7 {[%clk 00:18:32]} {[%emt 00:02:01]}
29. Be5+ {[%clk 00:35:47]} {[%emt 00:00:09]} Qxe5 {[%clk 00:17:20]} {[%emt
00:01:42]} 30. Rxe5 {[%clk 00:36:01]} {[%emt 00:00:15]} Rf2 {[%clk 00:17:10]}
{[%emt 00:00:40]} 31. a3 {[%clk 00:35:45]} {[%emt 00:00:48]} Bg7 {[%clk
00:17:13]} {[%emt 00:00:26]} 32. Re8+ {[%clk 00:36:00]} {[%emt 00:00:15]} Kc7
{[%clk 00:17:42]} {[%emt 00:00:01]} 33. Rb1 {[%clk 00:35:43]} {[%emt 00:00:47]}
Kb6 {[%clk 00:15:13]} {[%emt 00:02:59]} 34. Rg8 {[%clk 00:35:37]} {[%emt
00:00:35]} Bd4 {[%clk 00:15:17]} {[%emt 00:00:26]} 35. Rxg6 {[%clk 00:35:27]}
{[%emt 00:00:41]} Nf4 {[%clk 00:14:47]} {[%emt 00:00:58]} 36. Rd6 {[%clk
00:35:11]} {[%emt 00:00:48]} Kc5 {[%clk 00:14:13]} {[%emt 00:01:04]} 37. Rd7
{[%clk 00:35:24]} {[%emt 00:00:16]} Nd3 {[%clk 00:14:35]} {[%emt 00:00:08]} 38.
Rxb7 {[%clk 00:35:34]} {[%emt 00:00:22]} Ne5 {[%clk 00:14:10]} {[%emt
00:00:53]} 39. Rc1+ {[%clk 00:35:20]} {[%emt 00:00:45]} Kd5 {[%clk 00:14:13]}
{[%emt 00:00:27]} 40. Rd1 {[%clk 00:35:20]} {[%emt 00:00:29]} Kc5 {[%clk
00:14:08]} {[%emt 00:00:34]} 41. Rc1+ {[%clk 00:34:34]} {[%emt 00:01:18]} Kd5
{[%clk 00:14:18]} {[%emt 00:00:20]} 42. Kb1 {[%clk 00:34:48]} {[%emt 00:00:16]}
Nd3 {[%clk 00:13:31]} {[%emt 00:01:15]} 43. Rc2 {[%clk 00:33:39]} {[%emt
00:01:40]} Rf1+ {[%clk 00:12:10]} {[%emt 00:01:51]} 44. Ka2 {[%clk 00:34:02]}
{[%emt 00:00:08]} Nc1+ {[%clk 00:12:16]} {[%emt 00:00:23]} 45. Rxc1 {[%clk
00:34:23]} {[%emt 00:00:10]} Rxc1 {[%clk 00:12:36]} {[%emt 00:00:09]} 46. Rxa7
{[%clk 00:34:31]} {[%emt 00:00:22]} 0-1